000 00776 a2200265 4500
001 76204
999 _c76204
_d33795
003 TR-AnTOB
005 20230721110611.0
008 120806s2010 tu 000 0
020 _a9789994743049
040 _aTR-AnTOB
041 _aeng
050 1 4 _aDS425
_b.U43 2007
090 _aDS425 .U43 2007
100 1 _aUmarzoda, Ibrohim
_958837
245 0 _aAryans /
_cIbrohim Umarzoda.
264 1 _aDushanbe :
_bThe Empire of Aryan States,
_c2007.
300 _a428 p. :
_bill. ;
_c24 cm.
504 _aIncludes bibliorafical references.
505 _aPart 1.Founders of civilization of Asia and Europe--Part 2.The Empire of Aryan States.
650 0 _aIndo-Aryans
_xHistory
_958838
650 0 _aHint-Aryanlar
_xTarih
_958839
942 _cBK